Basic statistics for business & economics / (Record no. 10162)

MARC details
000 -LEADER
fixed length control field 01512nac a22003971i 4500
003 - CONTROL NUMBER IDENTIFIER
control field EG-ScBUE
005 - DATE AND TIME OF LATEST TRANSACTION
control field 20241127103834.0
006 - FIXED-LENGTH DATA ELEMENTS--ADDITIONAL MATERIAL CHARACTERISTICS--GENERAL INFORMATION
fixed length control field m||||fq||h 00| 0
008 - FIXED-LENGTH DATA ELEMENTS--GENERAL INFORMATION
fixed length control field 080909s2008 nyua f 001 0 eng d
020 ## - INTERNATIONAL STANDARD BOOK NUMBER
International Standard Book Number 9780071263658
020 ## - INTERNATIONAL STANDARD BOOK NUMBER
International Standard Book Number 0071263659
040 ## - CATALOGING SOURCE
Original cataloging agency EG-ScBUE
Language of cataloging eng
Description conventions rda
Transcribing agency EG-ScBUE
Modifying agency EG-ScBUE
082 04 - DEWEY DECIMAL CLASSIFICATION NUMBER
Classification number 519.5
Item number LIN
Edition number 22
100 1# - MAIN ENTRY--PERSONAL NAME
Personal name Lind, Douglas A.,
Relator term author.
245 10 - TITLE STATEMENT
Title Basic statistics for business & economics /
Statement of responsibility, etc Douglas A. Lind, Coastal Carolina University and The University of Toledo, William G. Marchal, The University of Toledo, Samuel A. Wathen, Coastal Carolina University.
246 3# - VARYING FORM OF TITLE
Title proper/short title Basic statistics for business and economics
250 ## - EDITION STATEMENT
Edition statement Sixth edition.
250 ## - EDITION STATEMENT
Edition statement International Edition.
264 #1 - PUBLICATION, DISTRIBUTION, ETC. (IMPRINT)
Place of publication, distribution, etc New York :
Name of publisher, distributor, etc McGraw-Hill/Irwin,
Date of publication, distribution, etc 2008.
300 ## - PHYSICAL DESCRIPTION
Extent 582 pages :
Other physical details color illustrations ;
Dimensions 24 cm +
Accompanying material 1 CD
336 ## - CONTENT TYPE
Source rdacontent
Content type term text
Content type code txt
336 ## - CONTENT TYPE
Source rdacontent
Content type term sounds
Content type code snd
337 ## - MEDIA TYPE
Media type term unmediated
Source rdamedia
Media type code n
337 ## - MEDIA TYPE
Media type term audio
Source rdamedia
Media type code s
338 ## - CARRIER TYPE
Carrier type term volume
Carrier type code nc
Source rdacarrier
338 ## - CARRIER TYPE
Carrier type term computer disc
Carrier type code cd
Source rdacarrier
500 ## - GENERAL NOTE
General note Includes index.
650 #7 - SUBJECT ADDED ENTRY--TOPICAL TERM
Topical term or geographic name as entry element Social sciences
General subdivision Statistical methods.
Source of heading or term BUEsh
650 #7 - SUBJECT ADDED ENTRY--TOPICAL TERM
Topical term or geographic name as entry element Economics
General subdivision Statistical methods.
Source of heading or term BUEsh
650 #7 - SUBJECT ADDED ENTRY--TOPICAL TERM
Topical term or geographic name as entry element Industrial management
General subdivision Statistical methods.
Source of heading or term BUEsh
650 #7 - SUBJECT ADDED ENTRY--TOPICAL TERM
Topical term or geographic name as entry element Commercial statistics.
Source of heading or term BUEsh
655 ## - INDEX TERM--GENRE/FORM
Form subdivision Reading book
700 1# - ADDED ENTRY--PERSONAL NAME
Personal name Marchal, William G.,
Relator term author.
700 1# - ADDED ENTRY--PERSONAL NAME
Personal name Wathen, Samuel Adam,
Relator term author.
942 ## - ADDED ENTRY ELEMENTS (KOHA)
Koha item type Book - Borrowing
Source of classification or shelving scheme Dewey Decimal Classification
Holdings
Withdrawn status Lost status Source of classification or shelving scheme Damaged status Not for loan Collection code Home library Current library Shelving location Date acquired Source of acquisition Total Checkouts Total Renewals Full call number Barcode Date last seen Date checked out Price effective from Koha item type
    Dewey Decimal Classification     Baccah Central Library Central Library First floor 09/09/2008 Purchase 9 25 519.5 LIN 000013525 15/07/2025 27/03/2021 09/09/2008 Book - Borrowing
    Dewey Decimal Classification     Baccah Central Library Central Library First floor 09/09/2008 Purchase     519.5 LIN 000013526 24/08/2022   09/09/2008 CD | DVD - With book